[Event "Lleida-ch"]
[Site "Bellcaire"]
[Date "2016.11.20"]
[Round "8"]
[White "Arno Bendicho, Arnau"]
[Black "Vidal Rosell, Jose"]
[Result "1-0"]
[WhiteElo "1957"]
[BlackElo "1858"]
[PlyCount "79"]
[EventDate "2016.10.02"]
[EventType "swiss"]
[EventRounds "9"]
[EventCountry "ESP"]
[SourceTitle "EXT 2018"]
[Source "ChessBase"]
[SourceDate "2017.10.13"]
[SourceVersion "1"]
[SourceVersionDate "2017.10.13"]
[SourceQuality "1"]

1. e4 c5 2. Nc3 Nc6 3. f4 e6 4. Nf3 Be7 5. d4 Qb6 6. d5 Nd4 7. a4 a6 8. a5 Nxf3+ 9. Qxf3 Qc7 10. Bc4 d6 11. 0-0 Nf6 12. Bd2 0-0 13. Na4 exd5 14. exd5 Bg4 15. Qd3 g6 16. Nb6 Rae8 17. f5 Nd7 18. Qg3 Bh5 19. Nxd7 Qxd7 20. f6 Bd8 21. Bh6 Re4 22. Bxf8 Kxf8 23. Bd3 Re5 24. h3 Rxd5 25. Qf4 Qe6 26. Bc4 g5 27. Qg3 Bxf6 28. Bxd5 Bd4+ 29. Kh1 Qxd5 30. c3 Bg7 31. Rae1 h6 32. Qe3 Be5 33. h4 gxh4 34. Qxh6+ Bg7 35. Qe3 Be5 36. Qh3 Bg3 37. Qc8+ Kg7 38. Re8 Bg6 39. Rh8 Bh7 40. Qf8+ 1-0

[Event "Lleida-ch"]
[Site "Bellcaire"]
[Date "2016.10.09"]
[Round "2"]
[White "Arno Bendicho, Arnau"]
[Black "Parramon Guillaumet, Jaime"]
[Result "0-1"]
[WhiteElo "1957"]
[BlackElo "1915"]
[PlyCount "77"]
[EventDate "2016.10.02"]
[EventType "swiss"]
[EventRounds "9"]
[EventCountry "ESP"]
[SourceTitle "EXT 2018"]
[Source "ChessBase"]
[SourceDate "2017.10.13"]
[SourceVersion "1"]
[SourceVersionDate "2017.10.13"]
[SourceQuality "1"]

1. e4 e5 2. f4 exf4 3. Bc4 Qh4+ 4. Kf1 d6 5. Nf3 Bg4 6. c3 Bxf3 7. Qxf3 Nc6 8. d4 g5 9. g3 Qh3+ 10. Kf2 Bg7 11. gxf4 Qxf3+ 12. Kxf3 gxf4 13. Rd1 Nge7 14. Bxf4 f5 15. exf5 Nxf5 16. Re1+ Nfe7 17. Bg5 Rf8+ 18. Kg2 h6 19. Bxe7 Nxe7 20. Be6 c6 21. Nd2 Kd8 22. Ne4 Kc7 23. Ng3 Bf6 24. Nh5 Bg5 25. Rf1 Ng6 26. Bf7 Nh8 27. Be6 Ng6 28. Kg3 Rxf1 29. Rxf1 Rf8 30. Bf5 Ne7 31. Ng7 Kb6 32. h4 Bd2 33. Kh3 Rf7 34. Ne8 Rxf5 35. Rd1 Rf2 36. Nxd6 Bf4 37. Ne4 Re2 38. Nc5 Nd5 39. h5 0-1

[Event "Lleida Province-ch"]
[Site "Tornabous"]
[Date "2014.11.02"]
[Round "5"]
[White "Solani Nunez, Joshua"]
[Black "Arno Bendicho, Arnau"]
[Result "1-0"]
[WhiteElo "2183"]
[BlackElo "2123"]
[PlyCount "89"]
[EventDate "2014.10.05"]
[EventType "swiss"]
[EventRounds "9"]
[EventCountry "ESP"]
[SourceTitle "CBM 163 Extra"]
[Source "ChessBase"]
[SourceDate "2014.12.23"]
[SourceVersion "1"]
[SourceVersionDate "2014.12.23"]
[SourceQuality "1"]

1. d4 e6 2. c4 d5 3. Nc3 Nf6 4. Nf3 Be7 5. Bg5 0-0 6. e3 c6 7. Rc1 Nbd7 8. Be2 dxc4 9. Bxc4 b5 10. Bd3 Bb7 11. 0-0 h6 12. Bh4 a6 13. Bxf6 Nxf6 14. Ne4 Qb6 15. Ne5 Rfd8 16. Nc5 Rac8 17. Qf3 Ba8 18. h4 Bd6 19. Ng4 Be7 20. Nxf6+ Bxf6 21. Qe4 Qa7 22. f4 Qc7 23. Nxa6 Qd6 24. Nc5 Qd5 25. Qxd5 exd5 26. g3 Kf8 27. Rc3 Ke7 28. Rfc1 Kd6 29. Ra3 Rc7 30. Ra6 Ke7 31. Rc3 Rb8 32. Rca3 Bb7 33. Ra7 Kd6 34. Kf2 g6 35. Ke2 Bd8 36. e4 dxe4 37. Bxe4 Re7 38. Kd3 f5 39. Bf3 Bb6 40. Nxb7+ Rbxb7 41. Rxb7 Rxb7 42. Ra6 Kc7 43. Ra8 Rb8 44. Rxb8 Kxb8 45. Bxc6 1-0

[Event "Lleida Province-ch"]
[Site "Lleida"]
[Date "2012.10.14"]
[Round "2"]
[White "Gensana Berzunces, Joan"]
[Black "Arno Bendicho, Arnau"]
[Result "1/2-1/2"]
[WhiteElo "1969"]
[BlackElo "1896"]
[PlyCount "37"]
[EventDate "2012.10.07"]
[EventType "swiss"]
[EventRounds "9"]
[EventCountry "ESP"]
[SourceTitle "EXT 2015"]
[Source "ChessBase"]
[SourceDate "2014.11.20"]
[SourceVersion "1"]
[SourceVersionDate "2014.11.20"]
[SourceQuality "1"]

1. e4 c5 2. Nf3 Nc6 3. d4 cxd4 4. Nxd4 g6 5. Bc4 Bg7 6. Be3 Nf6 7. Nc3 Qa5 8. Nxc6 bxc6 9. 0-0 0-0 10. a3 d6 11. f3 Bb7 12. Qd2 Rfd8 13. Rfd1 d5 14. Nxd5 Qxd2 15. Nxf6+ Bxf6 16. Rxd2 Rxd2 17. Bxd2 Bxb2 18. Rb1 Bd4+ 19. Kf1 1/2-1/2

[Event "Catalunya-ch U20"]
[Site "Vila Seca"]
[Date "2011.04.23"]
[Round "7"]
[White "Moreno Martin, Daniel"]
[Black "Arno Bendicho, Arnau"]
[Result "1-0"]
[WhiteElo "2171"]
[BlackElo "1908"]
[PlyCount "101"]
[EventDate "2011.04.20"]
[EventType "swiss"]
[EventRounds "8"]
[EventCountry "ESP"]
[SourceTitle "EXT 2012"]
[Source "ChessBase"]
[SourceDate "2011.11.24"]
[SourceVersion "1"]
[SourceVersionDate "2011.11.24"]
[SourceQuality "1"]

1. e4 c5 2. Nf3 Nc6 3. d4 cxd4 4. Nxd4 g6 5. Nc3 Bg7 6. Be3 Nf6 7. Bc4 0-0 8. Bb3 d6 9. h3 a6 10. 0-0 Bd7 11. Qd2 Na5 12. f3 Nxb3 13. Nxb3 Re8 14. a4 b6 15. Qf2 Rb8 16. Rfd1 Qc7 17. g4 Be6 18. Nd4 Nd7 19. f4 Nc5 20. f5 Bc8 21. b4 Nd7 22. Nd5 Qb7 23. Rf1 Ne5 24. b5 a5 25. fxg6 fxg6 26. Nc6 Be6 27. Nxb8 Rxb8 28. Rad1 Bxd5 29. exd5 Qc7 30. Bd4 Rf8 31. Qe2 Rxf1+ 32. Rxf1 Qc4 33. Qxc4 Nxc4 34. Bxg7 Kxg7 35. Rf3 h6 36. Rc3 Nb2 37. Ra3 Nc4 38. Rd3 Kf6 39. Rc3 Nb2 40. Rf3+ Kg5 41. Kg2 h5 42. gxh5 gxh5 43. Ra3 Nc4 44. Rd3 h4 45. Kf2 Ne5 46. Rc3 Nd7 47. Rc4 Nc5 48. Rg4+ Kh5 49. Ke3 e6 50. Kd4 exd5 51. Kxd5 1-0

[Event "Catalunya-ch U20"]
[Site "Vila Seca"]
[Date "2010.04.04"]
[Round "7"]
[White "Subirats Ruiz, Sergi"]
[Black "Arno Bendicho, Arnau"]
[Result "1-0"]
[WhiteElo "2123"]
[BlackElo "1868"]
[PlyCount "51"]
[EventDate "2010.03.31"]
[EventType "swiss"]
[EventRounds "9"]
[EventCountry "ESP"]
[SourceTitle "CBM 135 Extra"]
[Source "ChessBase"]
[SourceDate "2010.05.04"]
[SourceVersion "1"]
[SourceVersionDate "2010.05.04"]
[SourceQuality "1"]

1. e4 c5 2. Nf3 Nc6 3. d4 cxd4 4. Nxd4 g6 5. Nc3 Bg7 6. Nb3 Nf6 7. g4 d6 8. g5 Nd7 9. f4 Nb6 10. Be3 Be6 11. Nd5 Bxb2 12. Rb1 Bg7 13. h4 Bd7 14. c4 Nxd5 15. cxd5 Na5 16. Nd4 b6 17. h5 Rg8 18. Ba6 Bc8 19. hxg6 hxg6 20. Bd3 Nb7 21. Nc6 Qc7 22. f5 gxf5 23. exf5 Nc5 24. Bb5 Bd7 25. f6 exf6 26. Bxc5 1-0

[Event "Catalunya-ch U20"]
[Site "Vila Seca"]
[Date "2010.04.01"]
[Round "2"]
[White "Arno Bendicho, Arnau"]
[Black "Vidal Zamora, Alex"]
[Result "0-1"]
[WhiteElo "1868"]
[BlackElo "2171"]
[PlyCount "68"]
[EventDate "2010.03.31"]
[EventType "swiss"]
[EventRounds "9"]
[EventCountry "ESP"]
[SourceTitle "CBM 135 Extra"]
[Source "ChessBase"]
[SourceDate "2010.05.04"]
[SourceVersion "1"]
[SourceVersionDate "2010.05.04"]
[SourceQuality "1"]

1. d4 d5 2. Nf3 Nf6 3. Bg5 e6 4. e3 Be7 5. Bd3 Nbd7 6. 0-0 0-0 7. Nbd2 b6 8. c3 Bb7 9. Qc2 h6 10. Bxf6 Nxf6 11. Ne5 c5 12. f4 Bd6 13. Rf3 Nd7 14. Rh3 Bxe5 15. fxe5 f6 16. exf6 Rxf6 17. Nf3 Qc7 18. Nh4 e5 19. dxe5 Nxe5 20. Bh7+ Kh8 21. Ng6+ Nxg6 22. Bxg6 Raf8 23. Bh5 Qe5 24. Re1 Bc8 25. g4 Qg5 26. e4 g6 27. e5 Re6 28. Rg3 gxh5 29. gxh5 Qxh5 30. Qg2 Rxe5 31. Rf1 Rxf1+ 32. Qxf1 Bf5 33. Qf3 Qxf3 34. Rxf3 Kg7 0-1

[Event "Catalunya-ch U20"]
[Site "Vila Seca"]
[Date "2010.03.31"]
[Round "1"]
[White "Moreno Martin, Daniel"]
[Black "Arno Bendicho, Arnau"]
[Result "0-1"]
[WhiteElo "2196"]
[BlackElo "1868"]
[PlyCount "58"]
[EventDate "2010.03.31"]
[EventType "swiss"]
[EventRounds "9"]
[EventCountry "ESP"]
[SourceTitle "CBM 135 Extra"]
[Source "ChessBase"]
[SourceDate "2010.05.04"]
[SourceVersion "1"]
[SourceVersionDate "2010.05.04"]
[SourceQuality "1"]

1. e4 c5 2. Nf3 Nc6 3. d4 cxd4 4. Nxd4 g6 5. c4 Bg7 6. Be3 Nf6 7. Nc3 0-0 8. Be2 d6 9. 0-0 Bd7 10. f3 a6 11. Nc2 Rc8 12. Rc1 Qa5 13. Na3 Rfe8 14. Rf2 Be6 15. Bf1 Nd7 16. Nd5 Nc5 17. Bd2 Qa4 18. Nc2 Bxd5 19. cxd5 Nd4 20. Be3 Nxc2 21. Qxc2 Qxa2 22. Qd1 Qb3 23. Qd2 Qa2 24. Qb4 a5 25. Qb5 Qa4 26. Qxa4 Nxa4 27. Bb5 Rxc1+ 28. Bxc1 Rc8 29. Be3 Nxb2 0-1